Stores + shops EHI-Magazin for shop design, fixturing and POP-Marketing

Gespeichert in:
Bibliographische Detailangaben
Format: Schriftenreihe
Sprache:Englisch
Veröffentlicht: Köln EHI-EuroHandelsinstitut 2005
Schlagworte:
Tags: Tag hinzufügen
Keine Tags, Fügen Sie das erste Tag hinzu!

MARC

LEADER 00000nas2a2200000 4500
001 0089749
005 20090119161946.8
022 |a 1430-4082 
041 0 |a eng 
044 |a DE 
245 1 0 |a Stores + shops  |b EHI-Magazin for shop design, fixturing and POP-Marketing 
264 1 |a Köln  |b EHI-EuroHandelsinstitut  |c 2005 
500 |a Chýba č. 4. 
773 0 |w eu_un_cat*s123339 
610 2 0 |a obchod medzinárodný 
610 2 0 |a tovar 
610 2 0 |a merchandising